| 000 | 00000nam##2200000za#4500 |
| 001 | 9.572507 |
| 003 | CaOODSP |
| 005 | 20220111083108 |
| 007 | cr ||||||||||| |
| 008 | 150406|1996||||xxc|||||o f|0| 0 eng|d |
| 022 | |a1928-6414 |
| 040 | |aCaOODSP|beng |
| 043 | |an-cn--- |
| 086 | 1 |aNE22-1/1996-9E-PDF |
| 110 | 1 |aCanada. |bNational Energy Board. |
| 245 | 10|aReasons for decision in the matter of TransCanada PipeLines Limited : |h[electronic resource]|bapplication dated 19 December 1995 for a crossing of the St. Clair River |
| 246 | 1 |iVariant title : |aTransCanada PipeLines Limited |
| 260 | |aCalgary - Alberta : |bNational Energy Board |cMay 1996. |
| 300 | |a24p.|bfig., map |
| 490 | 1 |aReasons for decision|x1928-6414|vGH-2-96 |
| 500 | |aThe catalogue number (NE22-1/1996-9E) and ISBN (0-662-24614-4) for the print edition have been incorrectly copied in this electronic publication. |
| 590 | |a12-07-Supp|b2012-03-09 |
| 775 | 08|tMotifs de décision relativement à TransCanada PipeLines Limited : |w(CaOODSP)9.602852 |
| 776 | 0#|tIn the matter of TransCanada Pipelines Limited : |w(CaOODSP)9.613034 |
| 830 | #0|aReasons for decision (Canada. National Energy Board)|x1928-6414|vGH-2-96|w(CaOODSP)9.504480 |
| 856 | 40|ahttp://publications.gc.ca|qPDF|s352 KB|uhttps://publications.gc.ca/collections/Collection/NE22-1-1996-9E.pdf|yGH-2-96 |